<?xml version="1.0" encoding="UTF-8"?>
<collection xmlns="http://www.loc.gov/MARC21/slim">
 <record>
  <leader>00709cam a2200181 i 4500</leader>
  <controlfield tag="001">1/52344</controlfield>
  <controlfield tag="008">880224s1975    rur      b    00010 eng  </controlfield>
  <datafield tag="050" ind1="0" ind2=" ">
   <subfield code="a">DS777.55</subfield>
   <subfield code="b">.Z4613</subfield>
  </datafield>
  <datafield tag="082" ind1=" " ind2=" ">
   <subfield code="a">335.4345 ZHE</subfield>
  </datafield>
  <datafield tag="100" ind1="1" ind2=" ">
   <subfield code="a">Zhelokhov t sev, Alekse i Nikolaevich.</subfield>
  </datafield>
  <datafield tag="245" ind1="1" ind2="4">
   <subfield code="a">The &quot;cultural revolution&quot; :</subfield>
   <subfield code="b">a close-up : an eyewitness account /</subfield>
   <subfield code="c">A. Zhelokhovtsev.</subfield>
  </datafield>
  <datafield tag="260" ind1="0" ind2=" ">
   <subfield code="a">Moscow :</subfield>
   <subfield code="b">Progress Publishers,</subfield>
   <subfield code="c">1975.</subfield>
  </datafield>
  <datafield tag="300" ind1=" " ind2=" ">
   <subfield code="a">244 p. ;</subfield>
   <subfield code="c">20 cm.</subfield>
  </datafield>
  <datafield tag="504" ind1=" " ind2=" ">
   <subfield code="a">Includes bibliographical references.</subfield>
  </datafield>
  <datafield tag="651" ind1=" " ind2="0">
   <subfield code="a">China</subfield>
   <subfield code="x">Politics and government</subfield>
   <subfield code="y">1949-</subfield>
  </datafield>
  <datafield tag="650" ind1=" " ind2="4">
   <subfield code="a">Κίνα </subfield>
   <subfield code="x">Πολιτική και διακυβέρνηση </subfield>
   <subfield code="y">1949-</subfield>
  </datafield>
  <datafield tag="852" ind1=" " ind2=" ">
   <subfield code="a">INST</subfield>
   <subfield code="b">UNIPILB</subfield>
   <subfield code="c">MAIN</subfield>
   <subfield code="e">20210610</subfield>
   <subfield code="h">335.4345 ZHE</subfield>
   <subfield code="p">00183030</subfield>
   <subfield code="q">00183030</subfield>
   <subfield code="t">LOAN</subfield>
   <subfield code="y">0</subfield>
   <subfield code="4">1</subfield>
  </datafield>
  <datafield tag="960" ind1=" " ind2=" ">
   <subfield code="a">ELI 1</subfield>
  </datafield>
 </record>
</collection>
